| 000 | 00603nam a22001817a 4500 | ||
|---|---|---|---|
| 999 |
_c62307 _d62307 |
||
| 005 | 20240924111921.0 | ||
| 008 | 240924s2013 enk||||| |||| 00| 0 eng d | ||
| 041 | _aeng | ||
| 080 | _a577.2 C-59 | ||
| 100 |
_aClark, David P. _923263 |
||
| 245 |
_aMolecular Biology / _cDavid P. Clark, Nanette J. Pazdernik. |
||
| 264 |
_aAmsterdam : _bElsevier, _c2013. |
||
| 300 |
_a907 cm.: _bill.; _c29 cm. |
||
| 653 | _aმოლეკულური ბიოლოგია | ||
| 653 | _aმედიცინა | ||
| 700 |
_aPazdernik, Nanette J. _eავტორი _923264 |
||
| 942 |
_2udc _cᲬᲘᲒᲜᲘ |
||